| 000 | 00588nam a2200181Ia 4500 | ||
|---|---|---|---|
| 003 | GCL | ||
| 008 | 140319s9999 xx 000 0 ara d | ||
| 040 |
_aGCL / _cGCL |
||
| 082 | 0 | 4 |
_a101 _bص م |
| 100 | 1 | _aصلاح قنصوة | |
| 245 | 1 | 0 |
_aالموضوعية فى العلوم الانسانية عرض نقدى لمناهج البحث / _cصلاح قنصوة |
| 260 |
_a[S.N] : _bدار الثقافة للنشر والتوزيع ، _c1980 |
||
| 300 | _a429 ص | ||
| 490 | _a | ||
| 650 | 0 | 4 | _aمناهج البحث |
| 650 | 0 | 4 | _aالعلوم الانسانية |
| 942 |
_2ddc _cBK |
||
| 999 |
_c32153 _d32153 |
||